[Event "41st Nezhmetdinov Rapid 2019"]
[Site "Kazan"]
[Date "2019.05.29"]
[Round "4.1"]
[White "Pridorozhni, Aleksei"]
[Black "Kokarev, Dmitry"]
[Result "1/2-1/2"]
[WhiteElo "2588"]
[BlackElo "2605"]
[Annotator "TA"]
[PlyCount "218"]
[EventDate "2019.05.29"]
[EventType "swiss"]
[EventCountry "RUS"]
[SourceTitle "playchess.com"]
[Source "ChessBase"]
[SourceQuality "1"]

{[%evp 9,217,-24,-12,-18,-7,-29,0,-3,6,-3,12,11,17,9,48,43,47,40,51,50,66,73,75,44,37,39,24,8,13,0,0,0,0,0,0,0,0,0,0,0,0,0,0,-18,-4,-4,-11,-9,-6,-13,-8,-8,-15,-26,-22,-22,-11,-77,-77,-77,-77,-77,-79,-82,-82,-103,-91,-92,-101,-119,-94,-83,-91,-87,-56,-47,-53,-54,-68,-116,-92,-97,-104,-104,-97,-96,-93,-98,-98,-102,-104,-104,-70,-60,0,-104,-79,-181,-189,-269,-268,-279,-271,-255,-272,-285,-139,-336,-349,-421,-316,-312,-238,-211,-156,-289,-289,-287,-239,-282,-275,-322,-330,-269,-209,-186,-206,-145,-83,-182,-130,-134,-129,-251,-271,-237,-190,-186,-116,-116,-117,-118,-114,-400,-98,-98,-98,-98,0,-365,-60,-60,-60,-60,-60,-74,-74,-74,-74,-74,-74,-74,-74,-74,-74,-74,-74,-74,-74,-74,-74,-74,0,0,0,0,0,0,0,0,0,0,0,0,0,0,0,0,0,0,0,0,0,0,0,-137,0,0,0,0,0,0,0,0,0,0,0,0,0,0]} 1. b3 Nf6 2. Bb2 g6 3. Bxf6 exf6 4. c4 d5 (4... f5 5. Nc3 d6 6. g3 Nd7 7. Bg2 Nf6 8. e3 h5 9. h4 Bh6 10. Nge2 O-O 11. O-O Re8 12. Nf4 c6 13. Nce2 a5 14. Qc2 Bd7 15. a3 Ng4 16. Rab1 Bg7 17. b4 axb4 18. axb4 Ra3 19. d4 {½-½ (19) Iturrizaga Bonelli,E (2662)-Ponomariov,R (2692) Linares 2017}) 5. cxd5 Qxd5 6. Nc3 {A01: Nimzowitsch-Larsen Opening} Qd6 7. g3 $146 ({Predecessor:} 7. Rc1 c6 8. e3 f5 9. Nge2 Bg7 10. d4 O-O 11. g3 b6 12. Bg2 {0-1 (40) Sutkovic,D (2303)-Zufic,M (2461) Zadar 2015}) 7... a6 8. Bg2 $1 f5 9. e3 Bg7 10. Nge2 O-O 11. O-O c5 12. Rc1 Nd7 13. Qc2 Rb8 14. Rfd1 b5 15. d4 Nf6 16. Nb1 (16. Nd5 $5 cxd4 17. Nxf6+ (17. Rxd4 Ne4 $14) 17... Qxf6 18. Nxd4 $14) 16... cxd4 17. Nxd4 Qb6 $1 18. Qc7 Bd7 19. Nd2 Qxc7 20. Rxc7 Rfc8 21. Rxc8+ Rxc8 22. Bb7 Rb8 23. Bf3 Rc8 24. Bb7 Rb8 25. Bf3 Rc8 26. b4 Bf8 27. a3 Rc3 $36 {[%mdl 2048] Black has the initiative.} 28. Nb1 Rc7 29. Nd2 Be6 30. Nxe6 fxe6 31. Nb3 Rc3 32. Rb1 $1 Nd5 33. Bxd5 (33. Nd4 $11) 33... exd5 $11 {[%mdl 4096] Endgame KRB-KRN} 34. Kf1 Kf7 35. Ke1 Bg7 36. Kd2 Ke7 37. Kd1 Kd6 38. Kd2 g5 39. Kd1 {[#]} f4 $1 {[%mdl 512]} 40. gxf4 (40. exf4 gxf4) 40... gxf4 41. Kd2 fxe3+ 42. fxe3 Be5 43. h3 h5 44. Ke2 Rc2+ 45. Kd3 Ra2 46. Rg1 {Threatening Rg6+.} Rxa3 47. Rg6+ Ke7 48. Kc2 Bf6 49. Rh6 h4 50. Rh5 Ra2+ 51. Kd3 $1 Ra3 52. Kc2 Kd6 53. Rh6 (53. Rf5 $17 Ra2+ 54. Kd3) 53... Ke5 $1 $19 54. Kb2 (54. Rg6 {was necessary.}) 54... Ra4 55. Nc5 Kf5+ 56. Kb3 Ra1 $1 57. Nd7 Be7 (57... Bg5 $19 58. Rd6 Bxe3 59. Rxd5+ Kf4) 58. Rh7 $2 (58. Rh5+ $17 Kg6 59. Re5) 58... Bg5 $1 59. Nb6 Rb1+ 60. Kc2 Rxb4 61. Nxd5 Ra4 62. Nc3 (62. Rg7 $17) 62... Ra3 63. e4+ Ke5 64. Rh5 Kf6 65. e5+ Kg6 66. Rh8 Bf4 67. Rxh4 Bxe5 68. Nd5 Kf5 (68... a5 $142 69. Nf4+ Bxf4 70. Rxf4 Rxh3) 69. Kd2 (69. Nb4 $17 {was worth a try.}) 69... Bd6 (69... a5 $19 70. Ne3+ Kg6) 70. Ne3+ $17 Ke5 71. Rh5+ {[#]} (71. Rg4 $17) 71... Ke4 $1 $19 72. Ng4 Bf4+ 73. Kc2 b4 (73... Kd4 $19 74. Nf6 Rc3+ 75. Kb2 Bc1+ 76. Kb1 Bf4) 74. Nf6+ $17 Kd4 75. Rh4 Ke5 76. Nh5 $2 {[%mdl 8192]} (76. Nd7+ $17 {was the only defense.} Kf5 77. Rh5+ Kg6 78. Rc5) 76... Rf3 $2 (76... Rc3+ $19 {is more deadly.} 77. Kb1 Rf3 78. Nxf4 Rxf4) 77. Nxf4 Rxf4 {KR-KR} 78. Rh8 Kd5 (78... a5 $17 79. Ra8 Rc4+ 80. Kb2 Rc5) 79. Ra8 $2 {[%mdl 8192]} (79. Kb3 $11) 79... Rf6 $2 (79... Kc4 $19 80. Rxa6 Rf2+ 81. Kc1 Rh2) 80. Kb3 $15 Kc5 $1 81. Ka4 $1 Rb6 82. Rc8+ Kd4 {And now ...b3 would win.} 83. Kb3 a5 84. Ra8 Rb5 85. h4 Rf5 86. Rd8+ Kc5 {...Rf3+ is the strong threat.} 87. Rc8+ Kb5 {Hoping for ...a4+.} 88. Rb8+ Ka6 89. Ra8+ Kb7 90. Rg8 Rf3+ (90... Kb6 $17 {Threatens to win with ...Rf3+.} 91. Ka4 Rf2 92. Rb8+ Kc6 93. Rc8+ Kb6 94. Rb8+ Kc6 95. Rc8+ Kb6 96. Rb8+) 91. Ka4 $11 Ra3+ (91... Kb6 {with more complications.} 92. Rg6+ Kc5 93. Rg5+ Kc4 94. Rg4+ Kc3) 92. Kb5 Kc7 93. Rg7+ Kd6 94. h5 b3 {aiming for ...b2.} 95. Kc4 a4 {Strongly threatening ...b2.} 96. h6 {White wants to mate with h7.} b2 97. Rb7 Rb3 98. Rxb3 axb3 {KPP-KP} 99. h7 b1=Q {( -> ...Qc2+)} 100. h8=Q {KQ-KQ} Qc2+ 101. Kb4 b2 102. Ka3 {[#]} (102. Qf6+ $11 {keeps the balance.} Kd5 103. Qf7+ Ke5 104. Qe7+ Kd4 105. Qg7+ Kd3 106. Qg3+ Ke2 107. Qg2+ Kd1 108. Qf1+ Kd2 109. Qf2+ Kc1 110. Qg1+ Kd2 111. Qh2+ Kd3 112. Qh7+ Kd2 113. Qh2+ Kd1 114. Qg1+ Ke2 115. Qh2+ Kd3 116. Qh7+ Kd2 117. Qh2+) 102... b1=Q ({Better is} 102... b1=N+ $1 $17 103. Kb4 Qc5+ 104. Ka4 Qa3+ 105. Kb5 Nc3+ 106. Kc4 Qa6+ 107. Kd4 Nb5+ 108. Ke3 Qa7+ 109. Kf4 Qf2+ 110. Kg4 Qg2+ 111. Kf4 Qf2+ 112. Kg4 Qg2+ 113. Kf4 Qd2+ 114. Kg4 Qg2+) 103. Qe5+ {The position is equal.} Kd7 {[%csl Gb1][%cal Rc2b3]} 104. Qd5+ Kc7 {[%csl Gc2][%cal Rb1b2]} 105. Qc4+ Kb7 {[%csl Gc2][%cal Rb1b2]} 106. Qb5+ Kc8 {[%csl Gb1][%cal Rc2a2]} 107. Qc4+ Kd7 {[%csl Gc2][%cal Rb1b2]} 108. Qd5+ Kc7 {[%csl Gc2][%cal Rb1b2]} 109. Qc4+ Qxc4 {Accuracy: White = 54%, Black = 50%.} 1/2-1/2

[Event "41st Nezhmetdinov Rapid 2019"]
[Site "Kazan"]
[Date "2019.05.29"]
[Round "4.2"]
[White "Morozevich, Alexander"]
[Black "Potapov, Pavel"]
[Result "1-0"]
[WhiteElo "2656"]
[BlackElo "2492"]
[Annotator "TA"]
[PlyCount "65"]
[EventDate "2019.05.29"]
[EventType "swiss"]
[EventCountry "RUS"]
[SourceTitle "playchess.com"]
[Source "ChessBase"]
[SourceQuality "1"]

{[%evp 9,65,47,41,19,81,61,60,58,67,57,66,18,85,68,187,74,183,131,209,205,253,214,200,181,276,198,307,98,118,126,127,118,143,140,141,142,173,143,133,132,121,134,129,83,69,68,123,81,131,112,29981,29982,29978,29979,6018,6011,29991,29992]} 1. d4 f5 2. Bf4 Nf6 3. e3 d6 (3... e6 4. Nf3 Be7 5. h3 O-O 6. c4 d6 7. Nc3 Qe8 8. Be2 Nc6 9. Bh2 Bd7 10. a3 Qg6 11. Nh4 Qh6 12. Nf3 Qg6 13. Rg1 Ne4 {1-0 (59) Sjugirov,S (2663)-Amin,B (2710) St Petersburg 2018}) 4. Nc3 g6 5. h4 h6 6. Qf3 {A80: Dutch Defence: Unusual White second moves} Bg7 (6... Nc6 $11) 7. Bc4 e6 8. Qg3 {White is slightly better.} Kf7 $1 9. O-O-O Nc6 $146 ({Predecessor:} 9... Qe8 10. Nh3 Qc6 11. Be2 Nbd7 12. Qf3 Qxf3 13. Bxf3 {½-½ (35) Schroeder,C (2195)-Kololli,M (2204) Hamburg 2017}) 10. Nf3 Nh5 (10... Ne7 $1 $11) 11. Qh3 $1 $36 {[%mdl 2048] Black is under pressure.} Re8 (11... Nf6 $1 $14) 12. Bh2 (12. g4 $18 Nxf4 13. exf4) 12... Nf6 {[#]} (12... Na5 $16 13. Bb5 Bd7) 13. h5 $1 $18 gxh5 (13... Nxh5 $16 14. g4 fxg4 15. Qxg4 Nf6) 14. Bg3 (14. Qxf5 d5 $15) 14... a6 15. Bh4 (15. Qxf5 d5 $11) 15... b5 16. Bd3 Nb4 (16... Kf8 $142 17. e4 b4) 17. e4 e5 (17... Qd7 {was worth a try.}) 18. Bxf6 $2 (18. exf5 $18 {and White stays clearly on top.} Nxd3+ 19. cxd3 (19. Rxd3 e4 $16)) 18... Qxf6 19. Qxh5+ Kf8 20. dxe5 ({Weaker is} 20. exf5 exd4 21. Ne4 Nxd3+ 22. cxd3 Qxf5 $17) 20... dxe5 21. Nh4 f4 22. Be2 {Hoping for a3.} Be6 23. a3 Nc6 24. Nd5 Bxd5 25. Rxd5 Rad8 26. Rxd8 Rxd8 27. c3 Na5 (27... Ne7 $14) 28. Kc2 Kg8 ({But not} 28... Qd6 $2 29. Rd1 $18) 29. Nf5 {[%cal Rf5h6]} Qf7 $2 {[%mdl 8192]} ({Avoid the trap} 29... Qe6 $2 {[#]} 30. Qg4 $1 $18 {[%mdl 512]}) (29... Nb7 $16) 30. Nxh6+ Bxh6 31. Qxh6 {[%csl Gh1][%cal Rh6h8]} Qg7 32. Qe6+ Kf8 33. Rh5 {Accuracy: White = 60%, Black = 31%.} 1-0

[Event "41st Nezhmetdinov Rapid 2019"]
[Site "Kazan"]
[Date "2019.05.29"]
[Round "4.3"]
[White "Moiseenko, Vadim"]
[Black "Chigaev, Maksim"]
[Result "1/2-1/2"]
[WhiteElo "2525"]
[BlackElo "2637"]
[Annotator "RC"]
[PlyCount "233"]
[EventDate "2019.05.29"]
[EventType "swiss"]
[EventCountry "RUS"]
[SourceTitle "playchess.com"]
[Source "ChessBase"]
[SourceQuality "1"]
[TimeControl "900+10"]

1. Nf3 {[%emt 0:00:00]} Nf6 {[%emt 0:00:00]} 2. b3 {[%emt 0:00:00]} g6 {[%emt 0:00:00]} 3. Bb2 {[%emt 0:00:00]} Bg7 {[%emt 0:00:00]} 4. e3 {[%emt 0:00:03]} O-O {[%emt 0:00:00]} 5. c4 {[%emt 0:00:12]} d6 {[%emt 0:00:10]} 6. d4 {[%emt 0:00:11]} e5 {[%emt 0:00:11]} 7. dxe5 {[%emt 0:00:40]} dxe5 {[%emt 0:00:36]} 8. Nc3 {[%emt 0:02:45]} Qe7 {[%emt 0:00:50]} 9. Be2 {[%emt 0:02:01]} e4 {[%emt 0:02:43]} 10. Nd2 {[%emt 0:00:11]} Rd8 {[%emt 0:00:09]} 11. Qc2 {[%emt 0:01:09]} Na6 {[%emt 0:00:17]} 12. a3 {[%emt 0:01:27]} Nc5 {[%emt 0:00:14]} 13. O-O {[%emt 0:00:22]} Rxd2 {[%emt 0:01:01]} 14. Qxd2 {[%emt 0:00:01]} Nxb3 {[%emt 0:00:02]} 15. Qc2 {[%emt 0:00:47]} Nxa1 {[%emt 0:00:03]} 16. Rxa1 {[%emt 0:00:01]} c6 {[%emt 0:00:07]} 17. a4 {[%emt 0:00:03]} a5 {[%emt 0:00:20]} 18. Ba3 {[%emt 0:00:18]} Qe5 {[%emt 0:00:08]} 19. Rd1 {[%emt 0:00:04]} Be6 {[%emt 0:01:43]} 20. Bd6 {[%emt 0:00:24]} Qf5 {[%emt 0:00:14]} 21. h3 {[%emt 0:00:21]} h5 {[%emt 0:00:20]} 22. Qb3 {[%emt 0:01:17]} b5 {[%emt 0:07:56]} 23. axb5 {[%emt 0:00:03]} cxb5 {[%emt 0:00:03]} 24. Nxb5 {[%emt 0:00:55]} Ne8 {[%emt 0:00:09]} 25. Be7 {[%emt 0:01:49]} Qe5 {[%emt 0:00:23]} 26. Qa3 {[%emt 0:01:39]} Qb2 {[%emt 0:00:16]} 27. Qxb2 {[%emt 0:00:40]} Bxb2 {[%emt 0:00:02]} 28. Rb1 {[%emt 0:00:06]} Be5 {[%emt 0:00:01]} 29. Nd4 {[%emt 0:00:02]} Bd7 {[%emt 0:00:27]} 30. c5 {[%emt 0:00:14]} Bxd4 {[%emt 0:01:03]} 31. exd4 {[%emt 0:00:02]} Be6 {[%emt 0:00:02]} 32. f3 {[%emt 0:01:22]} e3 {[%emt 0:00:11]} 33. Bd3 {[%emt 0:00:09]} Nc7 {[%emt 0:00:23]} 34. Bd6 {[%emt 0:00:46]} Nd5 {[%emt 0:00:02]} 35. c6 {[%emt 0:00:05]} a4 {[%emt 0:00:22]} 36. Ra1 {[%emt 0:00:08]} Rc8 {[%emt 0:00:07]} 37. Bb5 {[%emt 0:00:40]} Nc3 {[%emt 0:00:09]} 38. Bxa4 {[%emt 0:00:11]} Ra8 {[%emt 0:00:04]} 39. Ra3 {[%emt 0:00:11]} Nxa4 {[%emt 0:00:13]} 40. Rxe3 {[%emt 0:00:06]} Nb6 {[%emt 0:00:06]} 41. Rc3 {[%emt 0:00:10]} Rc8 {[%emt 0:00:19]} 42. c7 {[%emt 0:00:13]} Nd5 {[%emt 0:00:03]} 43. Rc5 {[%emt 0:00:02]} f6 {[%emt 0:00:14]} 44. g4 {[%emt 0:00:02]} Kf7 {[%emt 0:00:03]} 45. f4 {[%emt 0:00:06]} hxg4 {[%emt 0:00:03]} 46. hxg4 {[%emt 0:00:00]} f5 {[%emt 0:00:11]} 47. gxf5 {[%emt 0:00:31]} gxf5 {[%emt 0:00:01]} 48. Be5 {[%emt 0:00:05]} Ne7 {[%emt 0:00:09]} 49. Kf2 {[%emt 0:00:05]} Ke8 {[%emt 0:00:14]} 50. Ra5 {[%emt 0:00:18]} Kd7 {[%emt 0:00:12]} 51. Ra6 {[%emt 0:00:14]} Nc6 {[%emt 0:00:01]} 52. Ke3 {[%emt 0:00:09]} Bd5 {[%emt 0:00:23]} 53. Rb6 {[%emt 0:00:04]} Nxe5 {[%emt 0:00:25]} 54. fxe5 {[%emt 0:00:13]} Kxc7 {[%emt 0:00:02]} 55. Rf6 {[%emt 0:00:19]} Be4 {[%emt 0:00:12]} 56. d5 {[%emt 0:00:02]} Bxd5 {[%emt 0:00:21]} 57. Rxf5 {[%emt 0:00:02]} Kd7 {[%emt 0:00:02]} 58. Rf6 {[%emt 0:00:06]} Be6 {[%emt 0:00:03]} 59. Rh6 {[%emt 0:00:01]} Rc4 {[%emt 0:00:05]} 60. Kd3 {[%emt 0:00:07]} Ra4 {[%emt 0:00:02]} 61. Ke3 {[%emt 0:00:02]} Ke7 {[%emt 0:00:10]} 62. Kd3 {[%emt 0:00:04]} Bf5+ {[%emt 0:00:11]} 63. Ke3 {[%emt 0:00:01]} Re4+ {[%emt 0:00:10]} 64. Kf3 {[%emt 0:00:01]} Rxe5 {[%emt 0:00:17]} 65. Rb6 {[%emt 0:00:11]} Be6 {[%emt 0:00:04]} 66. Kf4 {[%emt 0:00:14]} Kf6 {[%emt 0:00:01]} 67. Ra6 {[%emt 0:00:07]} Rb5 {[%emt 0:00:05]} 68. Ra4 {[%emt 0:00:12]} Rg5 {[%emt 0:00:15]} 69. Rd4 {[%emt 0:00:06]} Bd5 {[%emt 0:00:10]} 70. Rb4 {[%emt 0:00:14]} Rf5+ {[%emt 0:00:02]} 71. Ke3 {[%emt 0:00:03]} Ke5 {[%emt 0:00:02]} 72. Rb2 {[%emt 0:00:10]} Rf3+ {[%emt 0:00:03]} 73. Kd2 {[%emt 0:00:06]} Kd4 {[%emt 0:00:04]} 74. Rb4+ {[%emt 0:00:11]} Bc4 {[%emt 0:00:01]} 75. Rb2 {[%emt 0:00:01]} Rh3 {[%emt 0:00:39]} 76. Kc1 {[%emt 0:00:19]} Bb3 {[%emt 0:00:04]} 77. Rd2+ {[%emt 0:00:06]} Kc4 {[%emt 0:00:06]} 78. Rf2 {[%emt 0:00:14]} Kb4 {[%emt 0:00:11]} 79. Kd2 {[%emt 0:00:04]} Bc4 {[%emt 0:00:08]} 80. Rf4 {[%emt 0:00:13]} Kc5 {[%emt 0:00:19]} 81. Rf5+ {[%emt 0:00:09]} Bd5 {[%emt 0:00:04]} 82. Rf4 {[%emt 0:00:04]} Ra3 {[%emt 0:00:07]} 83. Rh4 {[%emt 0:00:10]} Rg3 {[%emt 0:00:28]} 84. Rf4 {[%emt 0:00:02]} Bc4 {[%emt 0:00:14]} 85. Rh4 {[%emt 0:00:13]} Rd3+ {[%emt 0:00:03]} 86. Kc2 {[%emt 0:00:02]} Kb4 {[%emt 0:00:05]} 87. Rf4 {[%emt 0:00:15]} Re3 {[%emt 0:00:23]} 88. Rf2 {[%emt 0:00:17]} Re4 {[%emt 0:00:25]} 89. Rh2 {[%emt 0:00:12]} Kc5 {[%emt 0:00:01]} 90. Rf2 {[%emt 0:00:06]} Rh4 {[%emt 0:00:12]} 91. Rg2 {[%emt 0:00:13]} Bd5 {[%emt 0:00:06]} 92. Rd2 {[%emt 0:00:13]} Kc4 {[%emt 0:00:13]} 93. Rf2 {[%emt 0:00:13]} Be4+ {[%emt 0:00:06]} 94. Kd2 {[%emt 0:00:02]} Kd4 {[%emt 0:00:07]} 95. Re2 {[%emt 0:00:25]} Rh3 {[%emt 0:00:12]} 96. Rf2 {[%emt 0:00:04]} Bf3 {[%emt 0:00:22]} 97. Kc2 {[%emt 0:00:23]} Ke3 {[%emt 0:00:20]} 98. Rd2 {[%emt 0:00:16]} Be4+ {[%emt 0:00:06]} 99. Kc3 {[%emt 0:00:01]} Rh1 {[%emt 0:00:02]} 100. Rb2 {[%emt 0:00:11]} Rc1+ {[%emt 0:00:03]} 101. Kb4 {[%emt 0:00:14]} Kd4 {[%emt 0:00:02]} 102. Rd2+ {[%emt 0:00:31]} Bd3 {[%emt 0:00:03]} 103. Rb2 {[%emt 0:00:02]} Rc6 {[%emt 0:00:13]} 104. Ka3 {[%emt 0:00:35]} Bc4 {[%emt 0:00:25]} 105. Kb4 {[%emt 0:00:02]} Rc8 {[%emt 0:00:18]} 106. Ka3 {[%emt 0:00:39]} Kc5 {[%emt 0:00:02]} 107. Rb7 {[%emt 0:00:04]} Ra8+ {[%emt 0:00:09]} 108. Kb2 {[%emt 0:00:01]} Kd4 {[%emt 0:00:01]} 109. Rd7+ {[%emt 0:00:08]} Bd5 {[%emt 0:00:01]} 110. Rc7 {[%emt 0:00:09]} Ra2+ {[%emt 0:00:02]} 111. Kb1 {[%emt 0:00:16]} Rh2 {[%emt 0:00:05]} 112. Rd7 {[%emt 0:00:13]} Re2 {[%emt 0:00:10]} 113. Rd8 {[%emt 0:00:02]} Kc4 {[%emt 0:00:06]} 114. Rb8 {[%emt 0:00:26]} Kc3 {[%emt 0:00:04]} 115. Ka1 {[%emt 0:00:10]} Re7 {[%emt 0:00:18]} 116. Rc8+ {[%emt 0:00:11]} Bc4 {[%emt 0:00:02]} 117. Rb8 {[%emt 0:00:11]} 1/2-1/2

[Event "41st Nezhmetdinov Rapid 2019"]
[Site "Kazan"]
[Date "2019.05.29"]
[Round "4.4"]
[White "Timofeev, Artyom"]
[Black "Svetushkin, Dmitry"]
[Result "1/2-1/2"]
[WhiteElo "2602"]
[BlackElo "2536"]
[Annotator "TA"]
[PlyCount "88"]
[EventDate "2019.05.29"]
[EventType "swiss"]
[EventCountry "RUS"]
[SourceTitle "playchess.com"]
[Source "ChessBase"]
[SourceQuality "1"]

{[%evp 9,88,25,19,17,31,24,29,23,34,24,34,-8,21,14,51,42,86,94,122,48,39,37,48,38,42,45,39,39,44,30,39,30,33,15,27,-78,-72,-76,-72,-44,-58,-55,-59,-51,-44,-79,-79,-79,-70,-83,-78,-82,-77,-81,-86,-94,-64,-64,-64,-64,-64,-64,-38,-64,-64,-64,-60,-60,0,0,0,0,0,0,0,0,0,0,0,0,0]} 1. c4 e6 2. Nc3 d5 3. d4 a6 4. cxd5 exd5 5. Nf3 Nf6 6. Bg5 {D37: Queen's Gambit Declined: 5 Bf4} Be6 7. e3 Nbd7 8. Bd3 {White has an edge.} Bd6 (8... h6 9. Bf4 g5 10. Bg3 Nh5 11. Be5 Nhf6 12. Bg3 Nh5 13. Ne2 Nxg3 14. Nxg3 {1-0 (61) Leko,P (2679)-Caruana,F (2832) Germany 2019}) 9. Qc2 c6 10. O-O-O Qc7 11. Kb1 Bg4 $146 ({Predecessor:} 11... O-O-O 12. Rc1 Kb8 13. Nd2 h6 {0-1 (54) Sanz Losada,V (2091)-Chylewski,P (2335) Warsaw 2018}) 12. Rc1 Bh5 13. Nh4 Bg6 14. Nf5 ({Don't do} 14. Nxg6 hxg6 15. e4 dxe4 $14) (14. f3 $16) 14... Bxf5 $14 15. Bxf5 h6 $1 {[%cal Rh6g5]} 16. Bh4 g5 $1 {[%cal Rg5h4]} 17. Bg3 O-O-O 18. Bxd6 Qxd6 19. h4 Kb8 20. Ne2 Nb6 21. Ng3 Nc4 22. e4 {[#]} (22. Qe2 $11) 22... Qf4 $1 $17 23. hxg5 Nxe4 24. Bxe4 {And now Bd3 would win.} Nd2+ {[%mdl 64] Double Attack} 25. Ka1 {Threatens to win with Bd3.} Nxe4 26. Nxe4 dxe4 27. gxh6 Rxh6 28. g3 Qf6 29. Qxe4 Rxh1 30. Rxh1 Qxf2 $15 {[%mdl 4096] Endgame KQR-KQR} 31. Qe5+ Ka8 32. a3 Qxd4 (32... f6 {is interesting.} 33. Qc5 Qxg3 34. Qe7 Qd6 35. Qxd6 Rxd6 36. Rf1 Kb8) 33. Qxd4 Rxd4 $17 {KR-KR} 34. Rf1 Rd7 35. g4 a5 36. a4 Ka7 37. g5 Kb6 38. Rf5 c5 ({Better is} 38... Rd5 $15 39. Rxf7 Rxg5) 39. b3 $11 {The position is equal.} Kc6 40. Rf6+ Kd5 41. Kb2 Re7 42. Kc3 Re3+ 43. Kc2 Re7 44. Kc3 Re3+ {Accuracy: White = 63%, Black = 53%.} 1/2-1/2

[Event "41st Nezhmetdinov Rapid 2019"]
[Site "Kazan"]
[Date "2019.05.29"]
[Round "4.5"]
[White "Sarana, Alexey"]
[Black "Frolyanov, Dmitry"]
[Result "0-1"]
[WhiteElo "2636"]
[BlackElo "2538"]
[Annotator "TA"]
[PlyCount "174"]
[EventDate "2019.05.29"]
[EventType "swiss"]
[EventCountry "RUS"]
[SourceTitle "playchess.com"]
[Source "ChessBase"]
[SourceQuality "1"]

{[%evp 13,174,23,18,3,18,0,7,-61,-75,-80,-87,-87,-83,-71,-85,-87,-72,-92,-75,-85,-91,-81,-77,-83,-24,-31,-22,-36,-45,-51,-50,-72,-64,-61,-51,-94,-92,-84,-56,-102,-73,-57,-58,-62,-60,-89,-81,-205,-133,-119,-140,-127,-123,-177,-60,-60,-62,-268,-268,-258,-260,-328,-321,-329,-329,-423,-439,-431,-393,-431,-410,-379,-366,-394,-360,-345,-313,-363,-327,-291,-199,-208,-193,-456,-193,-193,-206,-2387,-1529,-4134,-1408,-1551,-1271,-6412,-4599,-29942,-29942,-29941,-29941,-29945,-29946,-29952,-29951,-29958,-29954,-29961,-29944,-29955,-29962,-29966,-29963,-29966,-29968,-29967,-29966,-29968,-29964,-29966,-29966,-29979,-29980,-29980,-29963,-29963,-29963,-29960,-29963,-29961,-29960,-29960,-29961,-29957,-29965,-29979,-29961,-29961,0,-29962,-29965,-29962,-29966,-29964,-6542,-29969,-29967,-29971,-29972,-29975,-29975,-29976,-29977,-29977,-29977,-29977,-29978,-29978,-29979,-29979,-29980,-29981,-29982,-29983,-29984]} 1. Nf3 d5 2. d4 Nf6 3. c4 e6 4. g3 dxc4 5. Bg2 Nc6 6. Qa4 Bb4+ 7. Bd2 Nd5 8. O-O {E04: Open Catalan: 5 Nf3} (8. Bxb4 Ndxb4 9. O-O Rb8 10. Na3 O-O 11. Qb5 b6 12. Qxc4 Ba6 13. Nb5 Qe8 14. Rfc1 Nd5 15. Qxc6 Qxc6 16. Rxc6 Bxb5 17. Rc2 Rfc8 {½-½ (33) So,W (2780)-Caruana,F (2822) Saint Louis 2018}) 8... Bxd2 9. Nbxd2 c3 10. bxc3 ({Better is} 10. Nc4 $1 $11) 10... Nxc3 $15 {[%mdl 64] Double Attack} 11. Qc4 Nxd4 $146 ({Predecessor:} 11... Nd5 12. e3 O-O 13. Rfd1 Qe7 14. Ne4 Rb8 15. Rac1 Na5 {½-½ (77) Jimenez Bernal,F (2107)-Fernandez Garcia,M (2269) Burguillos 2009}) 12. Rfe1 ({Wrong is} 12. Nxd4 $2 Qxd4 13. Qd3 Qxd3 $17) 12... Nxf3+ $1 13. Nxf3 Nd5 $1 14. Red1 {Threatening e4.} Qe7 $1 15. Rac1 c6 $1 16. e4 Nb6 17. Qd4 O-O 18. a4 c5 (18... Nd7 $17) 19. Rxc5 $11 Nxa4 20. Rxc8 Raxc8 21. Qxa4 Rfd8 22. Rb1 a6 23. Bf1 Qd7 24. Qa5 Qc7 25. Qa3 h6 26. h4 Qc3 27. Rb3 Qc6 $1 $36 {[%mdl 2048] Black is more active.} 28. Qb4 b5 $1 29. Ra3 Qb6 30. Ne5 (30. Ra2 $17 {was called for.}) 30... Qd6 31. Qb2 Rc5 32. Nd3 Rc4 33. Qa1 Qd4 (33... Rxe4 34. Rxa6 Qd5 35. Nf4 $15) (33... Qc7 $1 $19 {And now ...b4 would win.} 34. Kg2 Qc6) 34. Qxd4 $15 Rcxd4 35. Nc5 $2 ({White should play} 35. Rxa6 $15 Rxd3 36. Bxd3 Rxd3 37. Rb6) 35... Rc8 $1 $19 {[%cal Rc8c5]} 36. Nxa6 Ra4 ({Stronger than} 36... Rxe4 37. Bxb5 Rd4 38. Kg2 $11) 37. Re3 Rxa6 38. Bxb5 {[%mdl 4096] Endgame KRR-KRB} Ra2 39. Be2 Rcc2 40. Kf1 e5 41. f4 exf4 42. gxf4 Rab2 43. Kf2 Kf8 44. h5 Rc5 45. e5 Ke7 46. Kg3 Rbc2 47. Bf3 R5c3 48. Re1 $2 (48. Rxc3 Rxc3 49. f5) 48... Rc1 (48... Ra2 $142 {Threatens to win with ...g6.} 49. f5 Raa3) 49. Rxc1 Rxc1 {KR-KB} 50. Bg4 $2 (50. f5) 50... Rc3+ 51. Kf2 Ra3 (51... g6 $142 52. Bd1 gxh5 53. Bxh5 Ke6 54. Bg4+ Kd5) 52. Kg2 Ra5 53. Kg3 f6 54. exf6+ Kxf6 55. Bd1 Rc5 56. Kg4 Rc1 57. Ba4 Rg1+ 58. Kf3 g6 59. hxg6 Kxg6 60. Bc2+ Kf6 61. Be4 Rg7 62. Bd3 h5 63. Ba6 h4 64. Bc8 Rg3+ 65. Kf2 Rc3 66. Bg4 Kg6 67. Bd7 Kh5 68. Kg2 Rg3+ 69. Kf2 Rd3 70. Bf5 Rc3 71. Kg2 Ra3 72. Bd7 Kg6 73. Kf2 Kf6 74. Bg4 Rg3 75. Bc8 $1 Ke7 76. Bf5 Kd6 77. Bc8 Kc5 (77... Kd5 $142 78. Bf5 Kd6 79. Bc8 Rg8 80. Bh3 Ke7 81. Bf5 Rf8 82. Bh3 Rxf4+ 83. Kg2 Kf6 84. Bd7 Rd4 85. Bc8 Rc4 86. Bd7 Rd4 87. Bc8 Rd8 88. Bg4 Rd3 89. Bc8 Rd2+ 90. Kh3 Rd8 91. Bg4 Kg5 92. Be6 Rd6 93. Bc8 Rd8 94. Be6 Rd2 95. Bc8 Rd3+ 96. Kg2 Rg3+ 97. Kh2 Rc3 98. Be6 Kf4 99. Bd7 Rd3 100. Bc8 Rd2+ 101. Kh3 Rd6 102. Kh2 Rd2+ 103. Kh3 Rd3+ 104. Kg2 Rg3+ 105. Kh2 Rc3 106. Be6 Rd3 107. Bc8 Rd8 108. Be6 Rd2+ 109. Kh3 Rc2 110. Bd7 Re2 111. Bc8 Re3+ 112. Kh2 Rf3 113. Be6 {[#]} h3 $1 {[%mdl 512]} 114. Bc8 Rg3 115. Be6 Rg2+ 116. Kxh3 Rg3+ 117. Kh2 Kf3 118. Bf7 Kf2 119. Ba2 Ra3 120. Bb1 Ra1 121. Bc2 Rc1 122. Bf5 Rc5 123. Bg6 Rc6 124. Bh5 Rh6 $1 {[%mdl 512]} 125. Kh3 Rxh5+ 126. Kg4 Re5 127. Kf4 Re3 128. Kg5 Kg3 129. Kf5 Re1 130. Kg5 Rf1 131. Kh6 Kf4 132. Kg6 Kg4 133. Kh6 Kf5 134. Kg7 Kg5 135. Kh8 Kh6 136. Kg8 Kg6 137. Kh8 Rf8#) 78. Bb7 Kd4 {Black mates.} 79. Bc6 Rg4 80. Kf3 Rg7 81. Kf2 h3 82. Ba8 Kc5 83. f5 Kd6 84. f6 Rg5 85. Bb7 h2 86. Bg2 Ke6 87. Bh1 Rg1 {Accuracy: White = 47%, Black = 69%.} 0-1